LEADER 02754nam 2200649Ia 450 001 9910461829503321 005 20220114022012.0 010 $a1-280-78287-0 010 $a9786613693266 010 $a0-520-95161-1 024 7 $a10.1525/9780520951617 035 $a(CKB)2670000000208125 035 $a(EBL)928945 035 $a(OCoLC)794664355 035 $a(SSID)ssj0000676605 035 $a(PQKBManifestationID)11402768 035 $a(PQKBTitleCode)TC0000676605 035 $a(PQKBWorkID)10695877 035 $a(PQKB)11368283 035 $a(MiAaPQ)EBC928945 035 $a(DE-B1597)520382 035 $a(OCoLC)817091763 035 $a(DE-B1597)9780520951617 035 $a(Au-PeEL)EBL928945 035 $a(CaPaEBR)ebr10576444 035 $a(CaONFJC)MIL369326 035 $a(EXLCZ)992670000000208125 100 $a20120227d2012 uy 0 101 0 $aeng 135 $aurnn#---||||| 181 $ctxt$2rdacontent 182 $cc$2rdamedia 183 $acr$2rdacarrier 200 14$aThe adventures of Ibn Battuta, a Muslim traveler of the 14th century$b[electronic resource] /$fRoss E. Dunn 205 $aUpdated edition. 210 1$aBerkeley, Calif. ;$aLondon :$cUniversity of California Press,$d[2012] 215 $a1 online resource 311 0 $a0-520-27292-7 320 $aIncludes bibliographical references and index. 327 $tFront matter --$tContents --$tMaps --$tPreface to the 2012 Edition --$tPreface to the Revised Edition --$tPreface to the First Edition --$tAcknowledgements --$tThe Muslim Calendar --$tA Note on Money --$tAbbreviations Used in Footnotes --$tIntroduction --$t1. Tangier --$t2. The Maghrib --$t3. The Mamluks --$t4. Mecca --$t5. Persia and Iraq --$t6. The Arabian Sea --$t7. Anatolia --$t8. The Steppe --$t9. Delhi --$t10. Malabar and the Maldives --$t11. China --$t12. Home --$t13. Mali --$t14. The Rihla --$tGlossary --$tBibliography --$tINDEX 330 $aRoss Dunn here recounts the great traveler's remarkable career, interpreting it within the cultural and social context of Islamic society and giving the reader both a biography of an extraordinary personality and a study of the hemispheric dimensions of human interchange in medieval times. 606 $aTravelers$zIslamic Empire$vBiography 606 $aTravel, Medieval 608 $aElectronic books. 615 0$aTravelers 615 0$aTravel, Medieval. 676 $a910.917 676 $a910.91767 676 $a910.92 700 $aDunn$b Ross E$0243333 801 0$bMiAaPQ 801 1$bMiAaPQ 801 2$bMiAaPQ 906 $aBOOK 912 $a9910461829503321 996 $aThe adventures of Ibn Battuta, a Muslim traveler of the 14th century$92467491 997 $aUNINA LEADER 02158nam 2200493Ia 450 001 9910779602403321 005 20230803021430.0 010 $a1-60805-029-7 035 $a(CKB)2550000001044071 035 $a(EBL)1163643 035 $a(SSID)ssj0000985574 035 $a(PQKBManifestationID)11628304 035 $a(PQKBTitleCode)TC0000985574 035 $a(PQKBWorkID)10945608 035 $a(PQKB)11496767 035 $a(MiAaPQ)EBC1163643 035 $a(EXLCZ)992550000001044071 100 $a20130426d2013 uy 0 101 0 $aeng 135 $aur|n|---||||| 181 $ctxt 182 $cc 183 $acr 200 10$aAdvances in organic synthesis$b[electronic resource] $hVolume 6 /$feditor, Atta-ur-Rahman 210 $aSharjah, United Arab Emirates ;$aOak Park, Ill. $cBentham Science Publishers$d[2013?] 215 $a1 online resource (513 p.) 225 0 $aAdvances in organic synthesis ;$vv. 6 300 $aDescription based upon print version of record. 311 $a1-60805-115-3 320 $aIncludes bibliographical references and index. 330 $aModern Organofluorine Chemistry-Synthetic Aspects - The volume focuses on recent advances in organofluorine chemistry directed towards selective fluorine introduction into various target molecules, employing both traditional and contemporary, electrophilic and nucleophilic, fluorinating agents. It brings together sixteen chapters written by leading experts and active researchers in the field. It is an excellent source of information for synthetic chemists interested in selective fluorination methods and fluorinated building blocks. Advances in Organic Synthesis is a book series devoted to publ 410 0$aAdvances in Organic Synthesis 606 $aOrganic compounds$xSynthesis 606 $aCombinatorial chemistry 615 0$aOrganic compounds$xSynthesis. 615 0$aCombinatorial chemistry. 700 $aRahman$b Atta-ur-$f1942-$0544456 801 0$bMiAaPQ 801 1$bMiAaPQ 801 2$bMiAaPQ 906 $aBOOK 912 $a9910779602403321 996 $aAdvances in organic synthesis$93811330 997 $aUNINA